|
|
|
|
| LEADER |
00000ny a22000003n 4500 |
| 005 |
20110603152213.0 |
| 008 |
080722s2000 sp s 000 0 spa c |
| 020 |
|
|
|a 8471302160
|
| 035 |
|
|
|a 683
|
| 040 |
|
|
|a UMA.RE
|d vLex
|
| 090 |
|
|
|c 2155
|d 2155
|
| 245 |
0 |
0 |
|a Comentarios al Cd̤igo civil y compilaciones forales
|h [Recurso electrn̤ico]
|c dirigidos por Manuel Albaladejo y Silvia Da̕z Alabart
|
| 256 |
|
|
|a Servicio en ln̕ea
|
| 260 |
|
|
|a [Madrid] :
|b Edersa,
|c 2000
|
| 300 |
|
|
|a p. ;
|
| 505 |
0 |
|
|a Tomo XXXII, Vol. 2, Artc̕ulos 100 al final de la Ley de Derecho Civil de Galicia
|
| 506 |
1 |
|
|a Contenido solo disponible en los productos indicados
|d vLex Global
|d vLex Global (Academic Edition, excluding Law Schools)
|d vLex Global (U.S. Academic Edition, Law Schools)
|d vLex Global (U.S. Academic Edition, excluding Law Schools)
|d vLex Global (Academic Edition, Law Schools)
|
| 650 |
|
|
|2 Tesauro vLex
|a Civil
|
| 650 |
|
|
|2 Tesauro vLex
|a Cd̤igo civil
|
| 740 |
0 |
|
|a vLex Libros (Servicios en ln̕ea)
|
| 856 |
4 |
0 |
|z Acceso restringido
|u http://vlex.com/source/683
|
| 942 |
|
|
|c BOOK
|